| 000 | 00688nam a2200217 i 4500 | ||
|---|---|---|---|
| 001 | 141945 | ||
| 003 | ES-MaACL | ||
| 005 | 20230906200415.0 | ||
| 007 | t| | ||
| 008 | 071001s1953 sp ||||1| cat d | ||
| 080 | _a394.47:264.02-041.5(467.12) | ||
| 100 | 1 |
_aViolant i Simorra, Ramon. _9115413 |
|
| 245 | 1 | 3 |
_aLa Sematna Santa al Pallars i al Ribagorça / _cRamón Violant y Simorra. |
| 260 |
_aBarcelona : _b[Barcino-Ariel], _c1953. |
||
| 300 |
_a75 p. ; _c19 cm. |
||
| 490 | 1 |
_aBiblioteca folklórica Barcino ; _v7 |
|
| 650 | 1 | 4 |
_aSemana Santa- _zCataluña. _917035 |
| 830 | 1 |
_aBiblioteca folklórica Barcino ; _v7 _9187227 |
|
| 852 |
_aES-MaACL _jC-8430 |
||
| 999 |
_c141945 _d141945 |
||